Ward power: decentralised urban governance (Record no. 493636)

000 -LEADER
fixed length control field 00495cam a22001457a 4500
008 - FIXED-LENGTH DATA ELEMENTS--GENERAL INFORMATION
fixed length control field 180718b2006 xxu||||| |||| 00| 0 eng d
020 ## - INTERNATIONAL STANDARD BOOK NUMBER
International Standard Book Number 0187984163
082 ## - DEWEY DECIMAL CLASSIFICATION NUMBER
Classification number B131x54 S13
245 ## - TITLE STATEMENT
Title Ward power: decentralised urban governance
Statement of responsibility, etc. edited by Parth J. Shah and Makarand Bakore
260 ## - PUBLICATION, DISTRIBUTION, ETC.
Place of publication, distribution, etc. New Delhi
Name of publisher, distributor, etc. Centre for Civil Society
Date of publication, distribution, etc. 2006
300 ## - PHYSICAL DESCRIPTION
Extent 232p.
650 ## - SUBJECT ADDED ENTRY--TOPICAL TERM
Topical term or geographic name entry element Municipal government --India --History --21st century --Congresses
700 ## - ADDED ENTRY--PERSONAL NAME
Personal name Bakore, Makarand
700 ## - ADDED ENTRY--PERSONAL NAME
Personal name Shah, Parth J.
Holdings
Withdrawn status Lost status Damaged status Not for loan Permanent Location Current Location Date acquired Full call number Barcode Date last seen Price effective from Koha item type
        Indian Institute of Public Administration Indian Institute of Public Administration 2018-08-04 B131x54 S13 GR18058 2018-08-04 2018-08-04 GR

Powered by Koha